000 00395pab a2200145 454500
008 180718b2006 xxu||||| |||| 00| 0 eng d
100 _aClapp, Jennifer
245 _aWTO agriculture negotiations: implications for the global south
260 _c2006
300 _ap.563-77.
650 _aWorld Trade Organization
650 _aAgriculture
773 _aThird World Quarterly
909 _a70414
999 _c70414
_d70414